000 00772nam a2200229Ii 4500
003 JO-AjNU
008 230605s9999||||xx |||||||||||||| ||und||
017 _a2009/4/2145
020 _a978-9957-499-71-6
040 _aJO-AjNU
_bara
_erda
_cJO-AjNU
041 _aara
050 1 4 _aHF5437.T34.2010
100 3 _aطاهر،علاء فرج,
_eauthor
_929394
245 0 0 _aادارة المواد والجودة الشاملة=Materials and Total Quality Management
250 _aط1
264 3 1 _aعمان:دار الراية للنشر والتوزيع؛2010
300 _a184ص
336 _atext
_btxt
_2rdacontent
337 _aunmediated
_bn
_2rdamedia
338 _avolume
_bnc
_2rdacarrier
650 4 _aادارة المواد -ادارة الانتاج
_929395
999 _aA11524
_c15092
_d15092